Higher or Lower - Country Population Challenge - Statistics

General Stats
  • This quiz has been taken 2,273 times
  • The average score is 9 of 25
Answers on the Map
Answers color-coded by a green-red scale on the quiz's map according to % correct below.
 
Answer Stats
Answer % Correct
1 Correct
100%
2 Correct
86%
3 Correct
77%
4 Correct
68%
5 Correct
62%
6 Correct
55%
7 Correct
50%
8 Correct
46%
9 Correct
42%
10 Correct
39%
11 Correct
35%
12 Correct
31%
13 Correct
29%
14 Correct
26%
15 Correct
24%
16 Correct
22%
17 Correct
21%
18 Correct
20%
19 Correct
18%
20 Correct
17%
21 Correct
16%
22 Correct
15%
23 Correct
14%
24 Correct
13%
25 Correct
12%
No matching quizzes found
Score Distribution
Percent of People with Each Score
Percentile by Number Answered
Your Score History
You have not taken this quiz